000 01141nam a2200253Ia 4500
999 _c40492
_d40492
001 7103
003 GE_BSU
005 20231107153208.0
008 181216s2007||||ge |||||||||||||| ||geo||
020 _a9789994093212
040 _cGE_BSU
041 _ageo
080 _a821.112.2-31 ჰ-53
100 _aჰესე, ჰერმან
_920299
245 _aდამსვენებელი :
_bჩანაწრები ჩეემი ბადენში მკურნალობის თაობაზე /
_cჰერმან ჰესე ; გერმ. თარგმნ. ნანა გოგოლაშვილმა.
264 _aთბილისი :
_bინტელექტი,
_c2007.
300 _a259 გვ. ;
_c20 სმ.
490 _aნობელის პრემიის ლაურეატები
541 _h8ლ.
653 _aგერმანული მხატვრული ლიტერატურა
653 _aმოთხრობა
700 _aგოგოლაშვილი, ნანა
_eმთარგმნელი
_916467
942 _cBK
_2udc